Open Data Biblioteca Nacional de Portugal


República Portuguesa: Ministério da Cultura
Biblioteca Nacional de Portugal

Catálogo da BNP: acesso por Identificadores Unívocos
Registos Bibliográficos associados ao registo de autoridade

Etiqueta de registo: 00584nam 2200193 450
001 2203237
003 http://id.bnportugal.gov.pt/bib/catbnp/2203237
021 ## $aPT$b533326/24
100 ## $a20250120d2024 m d0pory01030103ba
101 0# $apor
102 ## $aPT
105 ## $aa z 100zy
106 ## $ar
200 1# $aXXXVII Jogos Florais do Concelho de Alcanena
210 #9 $aAlcanena$cCâmara Municipal de Alcanena,$d2024
215 ## $a155, [2] p.$d24 cm
675 ## $a821.134.3-1"20"$vBN$zpor$31023893
675 ## $a7.079$vBN$zpor$31710579
675 ## $a821.134.3-3"20"$vBN$zpor$31022154
710 02 $aJogos Florais do Concelho de Alcanena,$d37,$eAlcanena,$f2024$31941970
801 #0 $aPT$bBN$gRPC
856 41 $uhttp://rnod.bnportugal.gov.pt/ImagesBN/winlibimg.aspx?skey=&doc=2203237&img=203561&save=true
900 ## $aBIBNAC$d20250207
966 ## $lBN$mFGMON$sL. 175051 V.$x1
966 ## $lBN$mFGMON$sL. 175051 V.-D$x1
971 ## $corlando$d20250120
972 ## $e0$z0$d20250207$vasantos
973 ## $cmlsousa$d20250122

OpendataBNP@bnportugal.pt | Mais informação sobre acesso aos dados BNP